Descobreix la gastronomia :
Descripción Física:
14 pàgines : il·lustracions ; 24 cm
Idioma:
Catalán
MARC
| LEADER | 00000nam a2200000 a 4500 | ||
|---|---|---|---|
| 003 | Arxiu | ||
| 005 | 20260324181122.0 | ||
| 008 | 220613b spa||||| |||| 00| 0 cat d | ||
| 017 | |a DL B 5172-2017 | ||
| 080 | |a FU-70-52 | ||
| 110 | 1 | |a Barcelona (Catalunya : Província). |b Oficina de Promoció Turística |9 51402 | |
| 245 | 1 | 0 | |a Descobreix la gastronomia : |h Barcelona és molt més |
| 260 | |a Barcelona : |b Diputació de Barcelona, |c DL 2017 | ||
| 300 | |a 14 pàgines : |b il·lustracions ; |c 24 cm | ||
| 650 | 0 | |9 44953 |a Turisme gastronòmic | |
| 650 | 0 | |9 53372 |a Gastronomia |z Barcelona (Província) |v Guies | |
| 710 | 2 | |a Barcelona és Molt Més |e marca turística |9 51323 | |
| 710 | 1 | |a Barcelona (Catalunya : Província). |b Diputació |9 52408 | |
| 942 | |c ARXIU |n 1 |2 udc | ||
| 952 | |0 0 |1 0 |4 0 |6 FU7052 |7 1 |9 62340 |a Arxiu |b Arxiu |d 2022-06-13 |l 0 |o FU-70-52 |p 25881 |r 2022-06-13 00:00:00 |w 2022-06-13 |y ARXIU | ||
| 999 | |c 81996 |d 81996 | ||